000 00485nam a2200181Ia 4500
001 14967
005 20260306164953.0
008 260306t2014||||xx |||||||||||||| ||spa||
041 _aESP
082 _a519.53
_bC79 P. 1
100 _aCordero Sánchez, José María
_eAUT
245 0 _aLa estadística descriptiva en la formación empresarial:
_bparte primera
260 _c2014
300 _a84 páginas :
_c28 cm.
650 _aGEN
654 _aCMA
942 _cLIB
_dJUS
_fJUS
_2ddc
_n
999 _c14967
_d14967